000 00352nam a2200121Ia 4500
008 160319s9999 xx 000 0 und d
245 _aBlazing the Trail Closing Program March 26, 2010 ECED /
245 _cStonyhurst Southville Internatinal School.
260 _c2010
300 _a1 videodisc :
300 _bsound, color. ;
300 _c4 3/4 in.
999 _c292573
_d292573